|
|
|
|
| LEADER |
00934nam a2200241 a 4500 |
| 001 |
GR-MES10451 |
| 008 |
060710s enk b 001 0 gre d |
| 020 |
|
|
|a 0077098765
|
| 040 |
|
|
|a GrPaTEI
|b gre
|c GR-PaULI
|
| 040 |
|
|
|a GrPaTEI
|b gre
|c GR-PaULI
|
| 082 |
|
0 |
|a 658.8
|
| 100 |
1 |
|
|a Masterson, Rosalind
|
| 245 |
1 |
0 |
|a Marketing :
|b An introduction /
|c Rosalind Masterson / David Pickton.
|
| 260 |
|
|
|a London :
|b McGraw-Hill,
|c c2004
|
| 300 |
|
|
|a xix
|a 444σ. :
|b εικ. ;
|c 26εκ.
|
| 504 |
|
|
|a Περιλαμβάνει βιβλιογραφίες και ευρετήριο.
|
| 650 |
|
0 |
|a MARKETING
|
| 650 |
|
4 |
|a Μάρκετινγκ
|
| 700 |
1 |
|
|a Pickton, David
|
| 942 |
|
|
|2 ddc
|
| 952 |
|
|
|0 0
|1 0
|2 ddc
|4 0
|6 658_800000000000000_MAS
|7 0
|9 269908
|a MSLG
|b MSLG
|c BSC
|d 2021-01-17
|e 24
|f 0
|g 0.00
|l 0
|o 658.8 MAS
|p 2420000020504
|r 2021-01-17 00:00:00
|t 1
|w 2021-01-17
|y BK15
|x 20060710 0 1
|x GrPaTEI
|
| 971 |
|
|
|a .b25764986
|b 01-10-20
|c 13-09-16
|
| 999 |
|
|
|c 155831
|d 155831
|